| 000 | 00724cab a2200229 4500 | ||
|---|---|---|---|
| 001 | WB2742-19 | ||
| 008 | 090401t1991 xxu||||| |||| 00| 0 eng d | ||
| 035 | _a(Sirsi) u27520 | ||
| 041 | _aeng | ||
| 245 | _aRivers authority faces test case | ||
| 260 | _c1991 | ||
| 350 | _a0 | ||
| 490 |
_aIndependent _v25 October 1991, 5(1) |
||
| 520 | _aGreenpeace has been granted permission to bring a test case against the National Rivers Authority challenging the latter`s record on protecting Britain`s rivers and seas. | ||
| 650 | _aGREENPEACE | ||
| 650 | _aNATIONAL RIVERS AUTHORITY | ||
| 650 | _aPOLLUTION | ||
| 650 | _aTEST CASE | ||
| 690 | _aENVIRONMENTAL AND LAND CONSULTANCY | ||
| 942 | _n0 | ||
| 948 | _c04/03/1997 | ||
| 999 |
_c18525 _d18525 |
||